| 000 -LEADER |
| fixed length control field |
00779nam a2200229Ia 4500 |
| 001 - CONTROL NUMBER |
| control field |
16746 |
| 003 - CONTROL NUMBER IDENTIFIER |
| control field |
GE_BSU |
| 008 - FIXED-LENGTH DATA ELEMENTS--GENERAL INFORMATION |
| fixed length control field |
181216s||||||||xx |||||||||||||| ||und|| |
| 040 ## - CATALOGING SOURCE |
| Transcribing agency |
GE_BSU |
| 080 ## - UNIVERSAL DECIMAL CLASSIFICATION NUMBER |
| Universal Decimal Classification number |
821.353.1-4 + 821.353.1-92 |
| 100 ## - MAIN ENTRY--PERSONAL NAME |
| Personal name |
თორდუა, ვ. |
| 245 ## - TITLE STATEMENT |
| Title |
დღეების ექო |
| 245 ## - TITLE STATEMENT |
| Remainder of title |
ნარკვევები. პუბლიცისტიკა |
| 245 ## - TITLE STATEMENT |
| Statement of responsibility, etc. |
რედ. კ.ლოლაძე. მხ. ი.კალაძე |
| 260 ## - PUBLICATION, DISTRIBUTION, ETC. |
| Place of publication, distribution, etc. |
თბილისი |
| 260 ## - PUBLICATION, DISTRIBUTION, ETC. |
| Name of publisher, distributor, etc. |
საქ. კპ. ცკ-ს გამ-ბა |
| 260 ## - PUBLICATION, DISTRIBUTION, ETC. |
| Date of publication, distribution, etc. |
1963 |
| 300 ## - PHYSICAL DESCRIPTION |
| Extent |
170გვ. ; 19სმ |
| 653 ## - INDEX TERM--UNCONTROLLED |
| Uncontrolled term |
დღეების ექო |
| 653 ## - INDEX TERM--UNCONTROLLED |
| Uncontrolled term |
ნარკვევები. პუბლიცისტიკა |
| 942 ## - ADDED ENTRY ELEMENTS (KOHA) |
| Koha item type |
წიგნი |